<?xml version="1.0" encoding="UTF-8"?>
<record
    xmlns:xsi="http://www.w3.org/2001/XMLSchema-instance"
    xsi:schemaLocation="http://www.loc.gov/MARC21/slim http://www.loc.gov/standards/marcxml/schema/MARC21slim.xsd"
    xmlns="http://www.loc.gov/MARC21/slim">

  <leader>00845nam a2200229Ia 4500</leader>
  <controlfield tag="003">OSt</controlfield>
  <controlfield tag="005">20250901122010.0</controlfield>
  <controlfield tag="008">210210b2002   xxu||||| |||| 00| 0 eng d</controlfield>
  <datafield tag="040" ind1=" " ind2=" ">
    <subfield code="c">AL</subfield>
  </datafield>
  <datafield tag="041" ind1=" " ind2=" ">
    <subfield code="a">Kannada</subfield>
  </datafield>
  <datafield tag="082" ind1=" " ind2=" ">
    <subfield code="a">338.9K ECHA</subfield>
  </datafield>
  <datafield tag="100" ind1=" " ind2=" ">
    <subfield code="a">H R K mattu H C V G.</subfield>
    <subfield code="d">&#xC8E;&#xC9A;&#xCCD; &#xC86;&#xCB0;&#xCCD; &#xC95;&#xCC6; &#xCAE;&#xCA4;&#xCCD;&#xCA4;&#xCC1; &#xC8E;&#xC9A;&#xCCD; &#xCB8;&#xCBF; &#xCB5;&#xCBF; &#xC9C;&#xCBF; </subfield>
    <subfield code="9">160190</subfield>
  </datafield>
  <datafield tag="245" ind1=" " ind2=" ">
    <subfield code="a">Abivraddhi arthashasthra.</subfield>
    <subfield code="b">&#xC85;&#xCAD;&#xCBF;&#xCB5;&#xCC3;&#xCA6;&#xCCD;&#xCA7;&#xCBF; &#xC85;&#xCB0;&#xCCD;&#xCA5;&#xCB6;&#xCBE;&#xCB8;&#xCCD;&#xCA4;&#xCCD;&#xCB0;</subfield>
  </datafield>
  <datafield tag="250" ind1=" " ind2=" ">
    <subfield code="a">4 Rev</subfield>
  </datafield>
  <datafield tag="260" ind1=" " ind2=" ">
    <subfield code="a">Bengaluru.</subfield>
    <subfield code="b">Svapna Buk Haus.,</subfield>
    <subfield code="c">2002</subfield>
  </datafield>
  <datafield tag="300" ind1=" " ind2=" ">
    <subfield code="a">xvi,407,xiv</subfield>
  </datafield>
  <datafield tag="500" ind1=" " ind2=" ">
    <subfield code="a">&#xC95;&#xCC3;&#xCB7;&#xCCD;&#xCA3;&#xCAE;&#xCC2;&#xCB0;&#xCCD;&#xCA4;&#xCBF; &#xCB9;&#xCCA;&#xCB8;&#xCAC;&#xCC0;&#xCA1;&#xCC1; &#xC8E;&#xC9A;&#xCCD;.&#xC86;&#xCB0;&#xCCD; &#xCAE;&#xCA4;&#xCCD;&#xCA4;&#xCC1; &#xCB5;&#xCC0;&#xCB0;&#xCAA;&#xCCD;&#xCAA;&#xC97;&#xCCC;&#xCA1; &#xC8E;&#xC9A;&#xCCD;.&#xCB8;&#xCBF;.</subfield>
  </datafield>
  <datafield tag="650" ind1=" " ind2=" ">
    <subfield code="a">Development Economics</subfield>
    <subfield code="9">160191</subfield>
  </datafield>
  <datafield tag="690" ind1=" " ind2=" ">
    <subfield code="a">Economic Development</subfield>
    <subfield code="9">160192</subfield>
  </datafield>
  <datafield tag="906" ind1=" " ind2=" ">
    <subfield code="a">057875</subfield>
  </datafield>
  <datafield tag="942" ind1=" " ind2=" ">
    <subfield code="2">ddc</subfield>
    <subfield code="c">BK</subfield>
  </datafield>
  <datafield tag="999" ind1=" " ind2=" ">
    <subfield code="c">105419</subfield>
    <subfield code="d">105419</subfield>
  </datafield>
  <datafield tag="952" ind1=" " ind2=" ">
    <subfield code="0">0</subfield>
    <subfield code="1">0</subfield>
    <subfield code="2">ddc</subfield>
    <subfield code="4">0</subfield>
    <subfield code="7">0</subfield>
    <subfield code="8">ECO</subfield>
    <subfield code="a">AL</subfield>
    <subfield code="b">AL</subfield>
    <subfield code="d">2021-02-17</subfield>
    <subfield code="e">Sita Book House, Mangalore.</subfield>
    <subfield code="g">130.00</subfield>
    <subfield code="l">0</subfield>
    <subfield code="o">338.9K ECHA</subfield>
    <subfield code="p">057875</subfield>
    <subfield code="r">2021-02-17 00:00:00</subfield>
    <subfield code="w">2021-02-17</subfield>
    <subfield code="y">BK</subfield>
  </datafield>
</record>
